E-Government the science of the possible (Record no. 2676)

MARC details
000 -LEADER
fixed length control field 00405nam a22001697a 4500
005 - DATE AND TIME OF LATEST TRANSACTION
control field 20180223130220.0
008 - FIXED-LENGTH DATA ELEMENTS--GENERAL INFORMATION
fixed length control field 160614b xxu||||| |||| 00| 0 eng d
020 ## - INTERNATIONAL STANDARD BOOK NUMBER
ISBN 81-203-2608-3
041 ## - LANGUAGE CODE
Language code of text/sound track or separate title eng
082 ## - DEWEY DECIMAL CLASSIFICATION NUMBER
Item number 7476
Classification number 320
100 ## - MAIN ENTRY--AUTHOR NAME
Personal name Satya narayana, J
245 ## - TITLE STATEMENT
Title E-Government the science of the possible
260 ## - PUBLICATION, DISTRIBUTION, ETC. (IMPRINT)
Name of publisher PHI
Year of publication 2004
300 ## - PHYSICAL DESCRIPTION
Number of Pages 279
650 ## - SUBJECT ADDED ENTRY--TOPICAL TERM
Topical Term Management
942 ## - ADDED ENTRY ELEMENTS (KOHA)
Koha item type Books
Holdings
Lost status Damaged status Collection code Home library Shelving location Date acquired Cost, normal purchase price Full call number Accession Number Koha item type Current library
    LAW JRU Library SHELF-29-F 14/06/2016 295.00 320 7476 Books  
    LAW JRU Library SHELF-29-F 14/06/2016 295.00 320 7477 Books  
    LAW JRU Library SHELF-29-F 14/06/2016 295.00 320 7478 Books  
    LAW JRU Library SHELF-29-F 14/06/2016 295.00 320 7479 Books  
    LAW JRU Library SHELF-29-F 14/06/2016 295.00 320 7480 Books  
    LAW JRU Library SHELF-29-F 14/06/2016 295.00 320 7481 Books  
    LAW JRU Library SHELF-29-F 14/06/2016 295.00 320 7482 Books  
    LAW JRU Library SHELF-29-F 14/06/2016 295.00 320 7483 Books  
    Reference JRU Library SHELF-30-J 14/06/2016 295.00 320 7484 Books